| 000 | 00704nam a22001937a 4500 | ||
|---|---|---|---|
| 001 | BD-DhSAU 1002 | ||
| 003 | BD-DhSAU | ||
| 005 | 20150110213004.0 | ||
| 008 | 150110s2008 bg |||| ||| 000 0 eng d | ||
| 040 | _aBD-DhSAU | ||
| 082 |
_222 _a৬৩০.১ _bগিয়াচা |
||
| 100 | _aগিয়াসুদ্দিন, আহমদ | ||
| 245 |
_aচাষাবাদের মুল কথা / _cগিয়াসুদ্দিন আহমদ |
||
| 250 | _a২য় সংস্করন | ||
| 260 |
_aঢাকা : _bকলেজ গেট প্রিন্টিং ; _c২০০৮. |
||
| 300 |
_a১৮২ পৃ ; _g২১ সেমি. |
||
| 590 | _amukta | ||
| 650 | _aAgriculture | ||
| 942 |
_2ddc _cBOOK |
||
| 999 |
_c1002 _d1002 |
||